| 000 | 00440nam a2200133 a 4500 | ||
|---|---|---|---|
| 001 | 000029716 | ||
| 005 | 20200930055742.0 | ||
| 008 | 110425s1999 dr ad 000 0 spa d | ||
| 040 |
_aDO-SdBNP _bspa _cBNPHU |
||
| 082 |
_axxx _bE96 |
||
| 245 | 0 | 0 |
_aExcursionistas : _bEncuesta de gasto y opinión / _cpresentación Félix Jiménez. |
| 260 |
_aSanto Domingo : _bSecretaría de Estado de Turismo, _c1999. |
||
| 300 |
_a36 p. : _bil., diagrs. ; _c28 cm. |
||
| 999 |
_c29208 _d29208 |
||